| 000 | 00475nam a2200181 a 4500 | ||
|---|---|---|---|
| 001 | 29115 | ||
| 005 | 20180713232115.0 | ||
| 008 | 140415s2008 mx 000 0 spa d | ||
| 020 | _a9789702921103 | ||
| 041 | _aspa | ||
| 082 |
_a910.202 _bROD |
||
| 100 | 1 | _aRODRIGUEZ HELU, LETICIA | |
| 245 | 1 | 0 | _aGEOGRAFIA DE MEXICO Y DEL MUNDO |
| 250 | _a1a ed.ICIÓN | ||
| 260 |
_aMEXICO : _bSANTILLANA, _c2008 |
||
| 300 |
_a192 _c20 x 1 x 27 |
||
| 650 | 1 | 4 | _aGEOGRAFIA |
| 999 |
_c29115 _d29115 |
||